[Event "XV C.to Mondiale seniores"]
[Site "Lignano Sabbiadoro ITA"]
[Date "2005.10.09"]
[Round "11"]
[White "Somogyi, Istvan"]
[Black "Weinwurm, Wolfgang"]
[Result "1-0"]
[WhiteElo "2242"]
[BlackElo "2127"]
[PlyCount "85"]
[EventDate "2005.09.28"]

1. d4 Nf6 2. Nf3 g6 3. c4 Bg7 4. Nc3 O-O 5. g3 d6 6. Bg2 Nc6 7. O-O a6 8. b3
Rb8 9. Bb2 b5 10. cxb5 axb5 11. Rc1 Bd7 12. Qc2 Na7 13. b4 c6 14. e4 Bg4 15. h3
Bxf3 16. Bxf3 Nd7 17. Rcd1 Nb6 18. d5 Nc4 19. Ba1 Qb6 20. Be2 Ne5 21. Kg2 c5
22. bxc5 Qxc5 23. Qb3 Rfc8 24. Rc1 Qb6 25. Nxb5 Rxc1 26. Rxc1 Nxb5 27. Bxb5 Ng4
28. hxg4 Bxa1 29. Rxa1 Qxb5 30. Qxb5 Rxb5 31. a4 Ra5 32. Kf3 Kg7 33. Ke3 e6 34.
dxe6 fxe6 35. f4 d5 36. exd5 exd5 37. Kd4 Kf6 38. Kc3 Ke6 39. Kb4 Ra7 40. a5
Kd6 41. a6 Kc6 42. Ka5 d4 43. Rc1+ 1-0

[Event "XV C.to Mondiale seniores"]
[Site "Lignano Sabbiadoro ITA"]
[Date "2005.10.09"]
[Round "11"]
[White "Spassov, Liuben D."]
[Black "Vasiukov, Evgeni A."]
[Result "1/2-1/2"]
[WhiteElo "2396"]
[BlackElo "2495"]
[PlyCount "64"]
[EventDate "2005.09.28"]

1. d4 Nf6 2. c4 c5 3. d5 e6 4. Nc3 exd5 5. cxd5 Bd6 6. g3 Bc7 7. d6 Ba5 8. Bg2
O-O 9. Nh3 Nc6 10. O-O b6 11. e4 Ba6 12. Re1 Rc8 13. e5 Ne8 14. Qh5 Bd3 15. Be4
g6 16. Qh6 Nxe5 17. Ng5 Nf6 18. Bxd3 Bxc3 19. bxc3 Nxd3 20. Re3 Nxf2 21. h3
Nxh3+ 22. Qxh3 h5 23. Qf1 Rc6 24. Rd3 Ng4 25. Bd2 f6 26. Ne4 Re8 27. Re1 Re6
28. Rf3 f5 29. Ng5 Rxe1 30. Qxe1 Rxd6 31. Bf4 Rc6 32. c4 Kf8 1/2-1/2

[Event "XV C.to Mondiale seniores"]
[Site "Lignano Sabbiadoro ITA"]
[Date "2005.10.09"]
[Round "11"]
[White "Thieme, Hans"]
[Black "Karl, Hans"]
[Result "0-1"]
[WhiteElo "2091"]
[BlackElo "2290"]
[PlyCount "84"]
[EventDate "2005.09.28"]

1. Nf3 Nf6 2. d4 g6 3. e3 Bg7 4. b4 d5 5. c4 c6 6. Nc3 O-O 7. a4 Nbd7 8. Qb3
dxc4 9. Bxc4 Nb6 10. Be2 Be6 11. Qc2 Nbd5 12. Nxd5 Qxd5 13. O-O Rfd8 14. Ne5
Nd7 15. Bf3 Qb3 16. Qxb3 Bxb3 17. Nxd7 Rxd7 18. Bb2 Bd5 19. Be2 a5 20. bxa5
Rxa5 21. Bc3 Ra8 22. Rfc1 f5 23. a5 Kf7 24. f4 e6 25. Bb4 Bf6 26. Bc5 g5 27. g3
gxf4 28. exf4 Be4 29. Rd1 Rad8 30. a6 bxa6 31. Rxa6 Bxd4+ 32. Bxd4 Rxd4 33.
Rxd4 Rxd4 34. Ra7+ Kg6 35. Rc7 Rd2 36. Kf1 Bd5 37. h4 Rc2 38. g4 Rc1+ 39. Kf2
fxg4 40. Bd3+ Kf6 41. Rxh7 g3+ 42. Kxg3 Rc3 0-1

[Event "XV C.to Mondiale seniores"]
[Site "Lignano Sabbiadoro ITA"]
[Date "2005.10.09"]
[Round "11"]
[White "Van den Berg, Adrianus M.J."]
[Black "Chernikov, Oleg L."]
[Result "0-1"]
[WhiteElo "2298"]
[BlackElo "2410"]
[PlyCount "48"]
[EventDate "2005.09.28"]

1. e4 c5 2. Nf3 g6 3. c3 Bg7 4. d4 cxd4 5. cxd4 d5 6. exd5 Nf6 7. Bb5+ Bd7 8.
Bc4 b5 9. Bb3 Bc8 10. Ne5 Bb7 11. Qe2 O-O 12. Qxb5 Ba6 13. Qc5 Nbd7 14. Qa3
Nxe5 15. dxe5 Qc7 16. Nc3 Qxe5+ 17. Be3 Bb7 18. O-O-O Rfd8 19. g3 Nxd5 20. Bxd5
Bxd5 21. Rhe1 Qc7 22. Qc5 Rac8 23. Qxa7 Bxc3 24. Qxc7 Bxe1 0-1

[Event "XV C.to Mondiale seniores"]
[Site "Lignano Sabbiadoro ITA"]
[Date "2005.10.09"]
[Round "11"]
[White "Viner, Phillip J."]
[Black "Peierl, Walter"]
[Result "1-0"]
[WhiteElo "2144"]
[BlackElo "2096"]
[PlyCount "87"]
[EventDate "2005.09.28"]

1. d4 Nf6 2. Nf3 d5 3. e3 e6 4. Bd3 c5 5. c3 Nc6 6. Nbd2 a6 7. a4 c4 8. Bc2 Bd7
9. e4 dxe4 10. Nxe4 Nxe4 11. Bxe4 Na5 12. Ne5 Bd6 13. Qh5 Bxe5 14. Qxe5 O-O 15.
Bf4 f5 16. Bf3 Rc8 17. O-O Nb3 18. Ra3 Qb6 19. a5 Qb5 20. Qxb5 Bxb5 21. Bxb7
Rc6 22. Re1 Kf7 23. Re5 Rfc8 24. Rxb5 axb5 25. Bxc6 Rxc6 26. a6 Rc8 27. a7 Ra8
28. h4 b4 29. Ra4 bxc3 30. bxc3 h6 31. h5 Ke7 32. f3 e5 33. Bxe5 Nd2 34. Bxg7
Nb1 35. d5 Kd6 36. Ra5 f4 37. Kf2 Nd2 38. Bxh6 Ke5 39. Bg7+ Kd6 40. h6 Nb3 41.
Ra6+ Kxd5 42. h7 Nc5 43. Ra5 Kc6 44. h8=Q 1-0

[Event "XV C.to Mondiale seniores"]
[Site "Lignano Sabbiadoro ITA"]
[Date "2005.10.09"]
[Round "11"]
[White "Zelkind, Eduard"]
[Black "Altshul, Raffael"]
[Result "1/2-1/2"]
[WhiteElo "2257"]
[BlackElo "2268"]
[PlyCount "86"]
[EventDate "2005.09.28"]

1. d4 Nf6 2. c4 g6 3. Nc3 Bg7 4. e4 d6 5. f3 O-O 6. Be3 a6 7. Qd2 Nc6 8. Nge2
Rb8 9. Nc1 Ne8 10. Nb3 f5 11. exf5 gxf5 12. d5 Ne5 13. Be2 c5 14. dxc6 bxc6 15.
c5 d5 16. f4 Ng6 17. Nd4 Qc7 18. O-O-O Nf6 19. Rhf1 a5 20. g3 Rb4 21. a3 Rb8
22. Na4 Ne4 23. Qc2 Bh6 24. Rd3 Rf6 25. Rb3 Bd7 26. Kb1 e5 27. fxe5 Bxe3 28.
Rxe3 Qxe5 29. Nf3 Qe7 30. Nd4 Qe5 31. Nf3 Qe7 32. Nd4 Rbf8 33. Rb3 Qe5 34. Nf3
Qc7 35. Nb6 Be8 36. Bd3 Qe7 37. Na4 Ne5 38. Nxe5 Qxe5 39. Rf4 Bg6 40. Rb7 R8f7
41. Rb6 Kg7 42. Ka1 Re7 43. Ra6 Qc7 1/2-1/2

[Event "XV C.to Mondiale seniores"]
[Site "Lignano Sabbiadoro ITA"]
[Date "2005.10.09"]
[Round "11"]
[White "Zilahi, Gabor"]
[Black "Haupt, Joachim"]
[Result "1/2-1/2"]
[WhiteElo "2117"]
[BlackElo "1841"]
[PlyCount "50"]
[EventDate "2005.09.28"]

1. d4 Nf6 2. Bg5 e6 3. e3 c5 4. c3 cxd4 5. exd4 Be7 6. Bd3 Nc6 7. Nf3 Nd5 8.
Bxe7 Ncxe7 9. Qd2 Qc7 10. g3 b6 11. c4 Nf6 12. Qe2 Bb7 13. Nbd2 Rc8 14. O-O-O
b5 15. Kb1 bxc4 16. Nxc4 Bd5 17. Rc1 O-O 18. Rhe1 Nc6 19. Nce5 Qb6 20. Red1 Nb4
21. Bc4 Bxf3 22. Nxf3 d5 23. Bb3 Rxc1+ 24. Kxc1 Rb8 25. Rd2 Rc8+ 1/2-1/2

[Event "Weekend A"]
[Site "Laigueglia ITA"]
[Date "2005.09.30"]
[Round "1"]
[White "Pechy, Alaster"]
[Black "Brun, Dario"]
[Result "1-0"]
[WhiteElo "2168"]
[BlackElo "1898"]
[PlyCount "53"]
[EventDate "2005.09.30"]

1. d4 d5 2. c4 c6 3. Nc3 dxc4 4. a4 e5 5. e3 exd4 6. exd4 Be6 7. Nf3 Nf6 8. Ne5
Bb4 9. Bxc4 Bxc4 10. Nxc4 O-O 11. O-O Nbd7 12. a5 Nd5 13. Qb3 N7f6 14. Bg5 Be7
15. Qxb7 Nb4 16. Rae1 Re8 17. Bxf6 gxf6 18. Re4 f5 19. Rf4 Bc5 20. dxc5 Rb8 21.
Qxa7 Re7 22. Qb6 Rxb6 23. cxb6 Nd3 24. Rxf5 Qe8 25. Nd6 Qd7 26. Nce4 Nb4 27.
Nf6+ 1-0

[Event "XXXIII Corsicoscacchi A"]
[Site "Corsico ITA"]
[Date "2005.10.01"]
[Round "1"]
[White "Astengo, Marcello"]
[Black "Ranieri, Fabrizio"]
[Result "0-1"]
[WhiteElo "2077"]
[BlackElo "2247"]
[PlyCount "74"]
[EventDate "2005.10.01"]

1. d4 e6 2. c4 d5 3. Nc3 Nf6 4. cxd5 exd5 5. Bg5 c6 6. Qc2 Be7 7. e3 Nbd7 8.
Bd3 O-O 9. Nge2 Re8 10. O-O Nf8 11. f3 Nh5 12. Bxe7 Qxe7 13. e4 Be6 14. e5 g6
15. f4 Ng7 16. Ng3 f5 17. Rab1 Nd7 18. b4 Rec8 19. Nge2 a5 20. bxa5 c5 21. Qd2
Nb8 22. Nb5 c4 23. Nd6 cxd3 24. Nxc8 Bxc8 25. Qxd3 Nc6 26. Rb5 Ne6 27. Qb3 Nc7
28. Nc3 Nxb5 29. Nxd5 Qf7 30. Nf6+ Kg7 31. Qxb5 Rxa5 32. Qb6 Be6 33. Rb1 Bxa2
34. Rc1 Bd5 35. Rc5 Rxc5 36. Qxc5 Ne7 37. Kf2 Bc6 0-1

[Event "XXXIII Corsicoscacchi A"]
[Site "Corsico ITA"]
[Date "2005.10.01"]
[Round "2"]
[White "Ranieri, Fabrizio"]
[Black "Fossati, Remigio"]
[Result "0-1"]
[WhiteElo "2247"]
[BlackElo "2178"]
[PlyCount "82"]
[EventDate "2005.10.01"]

1. e4 c5 2. Nf3 Nc6 3. d4 cxd4 4. Nxd4 Qc7 5. Nc3 e6 6. Be3 a6 7. Be2 Nf6 8.
O-O Be7 9. f4 d6 10. Kh1 O-O 11. Qe1 Bd7 12. Qg3 b5 13. a3 Nxd4 14. Bxd4 Bc6
15. e5 dxe5 16. Bxe5 Qb7 17. Bf3 Rfd8 18. Rae1 g6 19. Bxc6 Qxc6 20. Rf3 Nh5 21.
Qg4 f6 22. Rh3 Kf8 23. Rxh5 gxh5 24. Qxh5 fxe5 25. Ne4 exf4 26. Qxh7 Ke8 27. h3
Rd5 28. b4 Kd8 29. Qf7 Rc8 30. c3 Qd7 31. Qxf4 Rd1 32. Rxd1 Qxd1+ 33. Kh2 Qd7
34. h4 Qc7 35. Qxc7+ Kxc7 36. h5 Kc6 37. g4 Kd5 38. Nc5 Bxc5 39. bxc5 Rxc5 40.
Kg3 Rxc3+ 41. Kh4 Ke5 0-1

[Event "XXXIII Corsicoscacchi A"]
[Site "Corsico ITA"]
[Date "2005.10.02"]
[Round "3"]
[White "Sbarra, Marco"]
[Black "Ranieri, Fabrizio"]
[Result "1-0"]
[WhiteElo "2269"]
[BlackElo "2247"]
[PlyCount "69"]
[EventDate "2005.10.01"]

1. c4 e6 2. Nf3 f5 3. g3 Nf6 4. Bg2 Be7 5. O-O O-O 6. Nc3 d6 7. b4 Qe8 8. d3
Qh5 9. Nd2 e5 10. e3 Qh6 11. Nb3 g5 12. f4 Nc6 13. b5 Nd8 14. Qe2 Ne6 15. Nd5
Nxd5 16. cxd5 Ng7 17. Bb2 gxf4 18. exf4 Bd7 19. fxe5 Bxb5 20. a4 Be8 21. e6 Bh5
22. Bf3 Bxf3 23. Rxf3 Bf6 24. Raf1 c6 25. Nd4 cxd5 26. Nxf5 Nxf5 27. Rxf5 Bxb2
28. Qxb2 Rxf5 29. Rxf5 Rf8 30. Rxf8+ Kxf8 31. Qf2+ Kg8 32. Qf7+ Kh8 33. e7 Qe3+
34. Kg2 Qd2+ 35. Kh3 1-0

[Event "XXXIII Corsicoscacchi A"]
[Site "Corsico ITA"]
[Date "2005.10.08"]
[Round "4"]
[White "Ranieri, Fabrizio"]
[Black "Pelizzola, Danilo"]
[Result "1-0"]
[WhiteElo "2247"]
[BlackElo "2027"]
[PlyCount "101"]
[EventDate "2005.10.01"]

1. e4 e5 2. Bc4 Nf6 3. d3 Bc5 4. Nf3 Nc6 5. O-O O-O 6. Bg5 d6 7. h3 Nd4 8. Nxd4
Bxd4 9. c3 Bb6 10. Nd2 h6 11. Bh4 Be6 12. a4 a6 13. Bxe6 fxe6 14. Qb3 Qd7 15.
Bxf6 gxf6 16. Nc4 Ba7 17. Kh2 d5 18. Nd2 c6 19. c4 Rae8 20. Rac1 Re7 21. Qd1
Rg7 22. b4 Kh7 23. Nb3 Rfg8 24. g3 f5 25. Qe2 Bb8 26. Rc2 Qf7 27. b5 axb5 28.
cxb5 cxb5 29. axb5 Bd6 30. Rfc1 f4 31. Rg1 Rg5 32. Rcc1 d4 33. Nd2 Rf8 34. Rcf1
f3 35. Qd1 Rh5 36. g4 Rg5 37. Rg3 Qd7 38. Nxf3 Rgg8 39. g5 Qf7 40. Qd2 Qh5 41.
Qe2 Be7 42. gxh6 Bh4 43. Rxg8 Kxg8 44. Rg1+ Kh8 45. Rg4 Be7 46. Kg2 Rf6 47. Qc2
Bf8 48. Qc8 Rxf3 49. Kxf3 Qxh3+ 50. Rg3 Qxh6 51. Kg2 1-0

[Event "XXXIII Corsicoscacchi A"]
[Site "Corsico ITA"]
[Date "2005.10.08"]
[Round "5"]
[White "Ranieri, Fabrizio"]
[Black "Lanzani, Giuliano"]
[Result "1-0"]
[WhiteElo "2247"]
[BlackElo "2044"]
[PlyCount "95"]
[EventDate "2005.10.01"]

1. e4 e5 2. Bc4 Nc6 3. Nf3 Nf6 4. d3 Be7 5. O-O d5 6. exd5 Nxd5 7. h3 O-O 8.
Re1 Bf6 9. Nbd2 Nf4 10. Ne4 Be6 11. Bxf4 Bxc4 12. Nxf6+ Qxf6 13. Bxe5 Nxe5 14.
Nxe5 Be6 15. Qf3 Qxf3 16. Nxf3 Rfe8 17. a3 f6 18. Re3 Bd5 19. Rae1 Rxe3 20.
Rxe3 Bxf3 21. Rxf3 Kf7 22. Kf1 Rd8 23. Re3 Rd6 24. Ke2 g6 25. Kd2 Rb6 26. b3 g5
27. Re4 Rd6 28. c4 h5 29. Kc3 Rd7 30. d4 f5 31. Re5 Kf6 32. Re8 c6 33. b4 Kf7
34. Re2 h4 35. f3 Kf6 36. a4 Rg7 37. b5 g4 38. fxg4 fxg4 39. hxg4 Rxg4 40. a5
Rg3+ 41. Kb4 cxb5 42. Kxb5 Kf5 43. a6 bxa6+ 44. Kc6 Rg6+ 45. Kc5 a5 46. d5 a4
47. d6 Rg3 48. Rd2 1-0

[Event "XXXIII Corsicoscacchi A"]
[Site "Corsico ITA"]
[Date "2005.10.09"]
[Round "6"]
[White "Magrini, Fabrizio"]
[Black "Ranieri, Fabrizio"]
[Result "0-1"]
[WhiteElo "2067"]
[BlackElo "2247"]
[PlyCount "76"]
[EventDate "2005.10.01"]

1. e4 e6 2. d4 d5 3. Nc3 Nf6 4. Bg5 Bb4 5. e5 h6 6. Bd2 Bxc3 7. bxc3 Ne4 8. Qg4
g6 9. h4 c5 10. Bd3 Nxd2 11. Kxd2 Nc6 12. Rh3 Qe7 13. Rc1 Bd7 14. Rf3 O-O-O 15.
Rb1 Rhg8 16. Rf6 Rdf8 17. Nf3 Be8 18. Qf4 Rh8 19. dxc5 Qxc5 20. Nd4 g5 21. hxg5
hxg5 22. Qxg5 Nxd4 23. Qe3 Rfg8 24. g3 Rh2 25. Rb4 a5 26. Rxd4 Qa3 27. Rdf4 Rh1
28. Ke2 Qxc3 29. Qa7 Qxe5+ 30. Kf3 Qh5+ 31. Kg2 d4 32. Be4 Rb1 33. Bxb7+ Rxb7
34. Qa8+ Kc7 35. Rxf7+ Bxf7 36. Rxf7+ Qxf7 37. Qxa5+ Kb8 38. Qe5+ Qc7 0-1

[Event "VI Festival A"]
[Site "Nichelino ITA"]
[Date "2005.10.06"]
[Round "1"]
[White "Barosso, Renzo"]
[Black "Malano, Francesco"]
[Result "1/2-1/2"]
[WhiteElo "1831"]
[BlackElo "2037"]
[PlyCount "66"]
[EventDate "2005.10.06"]

1. d4 Nf6 2. c4 d6 3. Nc3 e5 4. dxe5 dxe5 5. Qxd8+ Kxd8 6. Bg5 c6 7. Nf3 Nbd7
8. O-O-O Kc7 9. e3 Be7 10. Be2 Re8 11. h3 Ng8 12. Bxe7 Nxe7 13. Ng5 h6 14. Nge4
b6 15. Nd6 Rf8 16. e4 a5 17. Bg4 Nc5 18. Bxc8 Nxc8 19. Nf5 Ne6 20. Rd2 Rd8 21.
Rhd1 Rxd2 22. Rxd2 h5 23. Kc2 g6 24. Ne3 Nd6 25. f3 Nb7 26. Ne2 Rd8 27. Rxd8
Nbxd8 28. Kc3 Kd6 29. b3 Nc7 30. a3 Nde6 31. g3 Ng5 32. Ng1 Nge6 33. Ne2 Ng5
1/2-1/2

[Event "VI Festival A"]
[Site "Nichelino ITA"]
[Date "2005.10.06"]
[Round "1"]
[White "Di Chiara, Mauro"]
[Black "Cova, Alessandro"]
[Result "0-1"]
[WhiteElo "1748"]
[BlackElo "1958"]
[PlyCount "76"]
[EventDate "2005.10.06"]

1. d4 Nf6 2. Nf3 e6 3. e3 b6 4. Bd3 Bb7 5. Nbd2 d5 6. O-O Bd6 7. c3 Nbd7 8. Qe2
Ne4 9. Ne1 O-O 10. f4 f5 11. Nef3 Rf6 12. Ne5 Rh6 13. Ndf3 Nxe5 14. Nxe5 Bxe5
15. Bxe4 Bd6 16. Bd3 c5 17. Bd2 g5 18. b4 Kh8 19. bxc5 bxc5 20. Rab1 Bc6 21.
Bb5 Qc7 22. dxc5 Bxc5 23. Bxc6 Qxc6 24. fxg5 Rh4 25. Qb5 Qd6 26. g3 Rg4 27. Kg2
Rg8 28. Rf3 R4xg5 29. e4 dxe4 30. Bxg5 exf3+ 31. Kxf3 Rxg5 32. Qb8+ Rg8 33.
Qxd6 Bxd6 34. Rd1 Rd8 35. c4 Be7 36. Rxd8+ Bxd8 37. c5 Kg7 38. Kf4 Kf7 0-1

[Event "VI Festival A"]
[Site "Nichelino ITA"]
[Date "2005.10.06"]
[Round "1"]
[White "Finocchiaro, Gianluca"]
[Black "Catana, Costel"]
[Result "0-1"]
[WhiteElo "1834"]
[BlackElo "2095"]
[PlyCount "64"]
[EventDate "2005.10.06"]

1. e4 c5 2. c3 Nf6 3. e5 Nd5 4. d4 cxd4 5. Nf3 e6 6. cxd4 Be7 7. Be2 Nc6 8. Nc3
Nxc3 9. bxc3 d6 10. exd6 Bxd6 11. O-O O-O 12. Bd3 b6 13. Bxh7+ Kxh7 14. Ng5+
Kg6 15. Qg4 f5 16. Qf3 Bd7 17. g4 f4 18. Qe4+ Kxg5 19. h4+ Kf6 20. d5 exd5 21.
g5+ Kf7 22. Qxd5+ Be6 23. g6+ Kxg6 24. Qxe6+ Qf6 25. Qe4+ Kh6 26. Qxc6 Rac8 27.
Qg2 Qxh4 28. Re1 Rf6 29. Qh2 Rg6+ 30. Kh1 Qxh2+ 31. Kxh2 Rxc3 32. Bb2 Rc5 0-1

[Event "VI Festival A"]
[Site "Nichelino ITA"]
[Date "2005.10.06"]
[Round "1"]
[White "Forno, Roberto"]
[Black "D'Amato, Piergiorgio"]
[Result "1-0"]
[WhiteElo "2026"]
[BlackElo "1831"]
[PlyCount "92"]
[EventDate "2005.10.06"]

1. d4 Nf6 2. Nf3 g6 3. Nbd2 Bg7 4. e4 d6 5. Bc4 O-O 6. O-O c6 7. Re1 b5 8. Bf1
Na6 9. c3 Nc7 10. e5 Nfe8 11. Nb3 Ne6 12. h4 a5 13. h5 h6 14. hxg6 fxg6 15. Bd3
a4 16. Nbd2 Nf4 17. Bf1 Bg4 18. g3 Ne6 19. Re4 Bf5 20. Rh4 g5 21. Rh2 dxe5 22.
Nxe5 c5 23. Nc6 Qd6 24. d5 N6c7 25. Bg2 Nf6 26. c4 Ng4 27. cxb5 Nxb5 28. Nc4
Qf6 29. Be3 Nd4 30. Bxd4 cxd4 31. Qe2 Rae8 32. Qf3 Nxh2 33. Kxh2 Bd7 34. Qa3
Bxc6 35. dxc6 Qf7 36. Nb6 Qh5+ 37. Kg1 Be5 38. Nd7 Bd6 39. Qxa4 Rf5 40. Qxd4
Qe2 41. Bf1 Qf3 42. Bc4+ e6 43. Re1 Bxg3 44. Re2 Rf4 45. Bxe6+ Rxe6 46. c7 Rxd4
1-0

[Event "VI Festival A"]
[Site "Nichelino ITA"]
[Date "2005.10.06"]
[Round "1"]
[White "Fortino, Fabrizio"]
[Black "Palmisano, Giuseppe"]
[Result "1-0"]
[WhiteElo "1995"]
[BlackElo "1754"]
[PlyCount "69"]
[EventDate "2005.10.06"]

1. e4 c5 2. c3 d5 3. exd5 Qxd5 4. d4 e6 5. Nf3 Nc6 6. Be2 cxd4 7. cxd4 Bb4+ 8.
Nc3 Nf6 9. O-O Qa5 10. Qd3 Bxc3 11. bxc3 O-O 12. Bg5 Nd5 13. Bd2 Qc7 14. Qe4
Nce7 15. Bd3 Ng6 16. Rac1 Bd7 17. c4 f5 18. Qe1 Ndf4 19. Bb1 Qc6 20. d5 exd5
21. cxd5 Qxd5 22. Bxf4 Nxf4 23. Rd1 Qb5 24. Qd2 Ne2+ 25. Kh1 Be6 26. Bd3 Bc4
27. Bxe2 Bxe2 28. Nd4 Rad8 29. Qxe2 Qa4 30. Nb3 Rxd1 31. Rxd1 Re8 32. Qd2 Qe4
33. h3 Rc8 34. Re1 Qc2 35. Re8+ 1-0

[Event "VI Festival A"]
[Site "Nichelino ITA"]
[Date "2005.10.06"]
[Round "1"]
[White "Quagliana, Giuseppe"]
[Black "Matta, Francesca"]
[Result "0-1"]
[WhiteElo "2101"]
[BlackElo "1840"]
[PlyCount "138"]
[EventDate "2005.10.06"]

1. d4 Nf6 2. c4 g6 3. Nc3 Bg7 4. e4 d6 5. f3 O-O 6. Bg5 c6 7. Qd2 a6 8. Nge2 b5
9. Ng3 Nbd7 10. Rc1 Nb6 11. b3 e5 12. dxe5 dxe5 13. Qxd8 Rxd8 14. Be3 Nbd7 15.
Rd1 Bb7 16. Be2 Nf8 17. O-O Ne6 18. Bb6 Rxd1 19. Rxd1 Bf8 20. Bf1 Bb4 21. Nge2
Bc5+ 22. Bxc5 Nxc5 23. b4 Ne6 24. cxb5 axb5 25. g3 Kf8 26. Kf2 Ke7 27. Ke3 Nd7
28. f4 Nb6 29. Bh3 Nc4+ 30. Kf2 Bc8 31. fxe5 Nxe5 32. Bf1 Nc7 33. h3 Be6 34.
Rd2 Na6 35. a4 bxa4 36. Nxa4 Nxb4 37. Nc5 Rd8 38. Nd4 Nd7 39. Ncxe6 fxe6 40.
Rb2 c5 41. Rxb4 cxb4 42. Nc6+ Ke8 43. Nxd8 Kxd8 44. Ke3 Kc7 45. Kd4 b3 46. Bd3
Kd6 47. Kc3 Ke5 48. Kxb3 Nc5+ 49. Kc3 Nxe4+ 50. Kc2 Nxg3 51. Kd2 Kf4 52. Bc4 e5
53. Bg8 h6 54. Ke1 e4 55. Be6 e3 56. Bd5 g5 57. Be6 Ne4 58. Bc8 h5 59. Kf1 g4
60. hxg4 hxg4 61. Bd7 g3 62. Bh3 Nc3 63. Bg2 e2+ 64. Ke1 Ke3 65. Bc6 Nb1 66.
Bf3 Nd2 67. Bh1 Nf3+ 68. Bxf3 Kxf3 69. Kd2 Kf2 0-1

[Event "VI Festival A"]
[Site "Nichelino ITA"]
[Date "2005.10.06"]
[Round "1"]
[White "Ranola, Yves"]
[Black "Torrione, William"]
[Result "1-0"]
[WhiteElo "2455"]
[BlackElo "1883"]
[PlyCount "103"]
[EventDate "2005.10.06"]

1. c4 Nf6 2. g3 c6 3. Nf3 d5 4. Bg2 e6 5. O-O Nbd7 6. Qc2 b6 7. cxd5 cxd5 8. d4
Bb7 9. Nc3 a6 10. Bf4 Be7 11. Ne5 Rc8 12. Rad1 O-O 13. a4 Nxe5 14. dxe5 Nd7 15.
e4 dxe4 16. Qe2 Qc7 17. Nxe4 Bxe4 18. Bxe4 Nc5 19. Bb1 a5 20. h4 Rfd8 21. Qc2
g6 22. h5 Rxd1 23. Qxd1 Rd8 24. Qg4 Nd3 25. Bxd3 Rxd3 26. Rc1 Qd8 27. Be3 Rd5
28. Qe4 Rd1+ 29. Rxd1 Qxd1+ 30. Kg2 Bd8 31. Qc6 Qd5+ 32. Qxd5 exd5 33. f4 Kf8
34. g4 Ke7 35. f5 Kd7 36. e6+ Ke8 37. exf7+ Kxf7 38. fxg6+ hxg6 39. Bd4 gxh5
40. gxh5 Kg8 41. Kf3 Kh7 42. Kg4 Kh6 43. b3 Bc7 44. Be3+ Kh7 45. Kf5 Kg7 46.
Ke6 d4 47. Bxd4+ Kh6 48. Kd7 Bf4 49. Bxb6 Bd2 50. Kc6 Kxh5 51. Bxa5 Bf4 52. Bb6
1-0

[Event "VI Festival A"]
[Site "Nichelino ITA"]
[Date "2005.10.06"]
[Round "1"]
[White "Sorcinelli, Francesco"]
[Black "Angioni, Gian Carlo"]
[Result "1-0"]
[WhiteElo "2071"]
[BlackElo "1832"]
[PlyCount "83"]
[EventDate "2005.10.06"]

1. e4 d5 2. exd5 Qxd5 3. Nc3 Qa5 4. d4 Nf6 5. Nf3 c6 6. Bc4 Bf5 7. Bd2 e6 8.
Qe2 Bb4 9. O-O-O Nbd7 10. Ne5 Nxe5 11. dxe5 Nd5 12. Nxd5 Bxd2+ 13. Rxd2 cxd5
14. Bb5+ Ke7 15. Kb1 Rhc8 16. Bd3 Bxd3 17. Rxd3 Rc4 18. Qh5 h6 19. Rf3 Rf8 20.
Rd1 Re4 21. Rb3 b5 22. f3 Rc4 23. g4 Rfc8 24. c3 Qa4 25. Qh4+ Kf8 26. Qe1 a5
27. Ra3 Qxa3 28. bxa3 Rxc3 29. Qf2 b4 30. axb4 axb4 31. Qb6 b3 32. axb3 R3c6
33. Qb4+ Kg8 34. f4 Rc3 35. f5 d4 36. fxe6 fxe6 37. Qb5 R3c5 38. Qd7 R8c6 39.
Qd8+ Kh7 40. Qxd4 Kh8 41. Rf1 Rc8 42. Rf8+ 1-0

[Event "VI Festival A"]
[Site "Nichelino ITA"]
[Date "2005.10.06"]
[Round "1"]
[White "Villalba, Fernando"]
[Black "Molina, Fabrizio"]
[Result "0-1"]
[WhiteElo "1881"]
[BlackElo "2275"]
[PlyCount "70"]
[EventDate "2005.10.06"]

1. e4 d6 2. d4 Nf6 3. Nc3 Nbd7 4. f4 e5 5. dxe5 dxe5 6. fxe5 Nxe5 7. Qxd8+ Kxd8
8. Bf4 Bd6 9. O-O-O Ke7 10. h3 Nd3+ 11. Bxd3 Bxf4+ 12. Kb1 Be6 13. Nf3 Rad8 14.
Ne2 Be3 15. Ng3 g6 16. Nf1 Bh6 17. g4 Nxe4 18. Re1 Nf2 19. Rh2 Nxd3 20. cxd3
Rxd3 21. Ne5 Rd6 22. Nc4 Rd4 23. Na5 Rb8 24. Nb3 Rd5 25. Rhe2 Rbd8 26. Ne3 Bxe3
27. Rxe3 Rd1+ 28. Kc2 Rxe1 29. Rxe1 Rd5 30. Nd2 Kf6 31. Ne4+ Kg7 32. Nc3 Rg5
33. Kd3 h5 34. gxh5 Rxh5 35. Re3 Rxh3 0-1

[Event "VI Festival A"]
[Site "Nichelino ITA"]
[Date "2005.10.07"]
[Round "2"]
[White "Catana, Costel"]
[Black "Forno, Roberto"]
[Result "1-0"]
[WhiteElo "2095"]
[BlackElo "2026"]
[PlyCount "65"]
[EventDate "2005.10.06"]

1. e4 e5 2. Nf3 Nc6 3. Nc3 Bc5 4. Na4 Be7 5. d4 Nf6 6. dxe5 Nxe4 7. Qd5 Ng5 8.
Nxg5 Bxg5 9. e6 Bxc1 10. exf7+ Kf8 11. Rxc1 d6 12. Bc4 Ne5 13. O-O c6 14. Qd4
b5 15. Rfe1 Qf6 16. f4 Nf3+ 17. Kh1 Nxe1 18. Rxe1 Bb7 19. Nc5 bxc4 20. Nd7+
Kxf7 21. Nxf6 gxf6 22. Qxc4+ d5 23. Qb4 Ba6 24. Qe7+ Kg6 25. g4 Rhf8 26. h4 Rf7
27. Qe6 d4 28. g5 Raf8 29. gxf6 Rxf6 30. Qg4+ Kf7 31. Qd7+ Kg8 32. Qxd4 Rxf4
33. Rg1+ 1-0

[Event "VI Festival A"]
[Site "Nichelino ITA"]
[Date "2005.10.07"]
[Round "2"]
[White "Cova, Alessandro"]
[Black "Ranola, Yves"]
[Result "0-1"]
[WhiteElo "1958"]
[BlackElo "2455"]
[PlyCount "82"]
[EventDate "2005.10.06"]

1. d4 Nf6 2. c4 Nc6 3. Nc3 e5 4. d5 Ne7 5. e4 Ng6 6. Nf3 Bc5 7. Bd3 O-O 8. O-O
a5 9. Ne2 Nh5 10. Ng3 Nxg3 11. hxg3 d6 12. Qc2 Bd7 13. Re1 c6 14. Be3 Bxe3 15.
Rxe3 cxd5 16. cxd5 b5 17. Ree1 Qb6 18. Rac1 Rfc8 19. Qd2 Nf8 20. Rxc8 Rxc8 21.
Rc1 Rxc1+ 22. Qxc1 h6 23. Kf1 Nh7 24. Ke2 Nf6 25. Qe3 Qc7 26. Nh2 b4 27. f3 Be8
28. Nf1 Nd7 29. Bb5 Qb8 30. Bxd7 Bxd7 31. Qc1 Bb5+ 32. Kf2 Qb6+ 33. Ne3 g6 34.
f4 Qd4 35. fxe5 Qxe5 36. Ng4 Qd4+ 37. Qe3 Qxb2+ 38. Kg1 h5 39. Nh6+ Kg7 40. Qg5
Qb1+ 41. Kh2 Qxe4 0-1

[Event "VI Festival A"]
[Site "Nichelino ITA"]
[Date "2005.10.07"]
[Round "2"]
[White "Ferrero, Oscar"]
[Black "Parodi, Alessandro"]
[Result "0-1"]
[WhiteElo "1744"]
[BlackElo "1910"]
[PlyCount "84"]
[EventDate "2005.10.06"]

1. e4 d6 2. g3 g6 3. Bg2 Bg7 4. c3 e5 5. d3 Ne7 6. f4 O-O 7. Nf3 c5 8. Na3 Nbc6
9. O-O exf4 10. Bxf4 d5 11. Re1 h6 12. Nc2 Be6 13. Kh1 g5 14. Bc1 dxe4 15. dxe4
Qxd1 16. Rxd1 Rad8 17. Be3 b6 18. a3 Bb3 19. Rxd8 Rxd8 20. Nce1 Na5 21. Nd2
Nec6 22. Nxb3 Nxb3 23. Rb1 Ne5 24. Bf1 c4 25. Be2 Bf8 26. Rd1 Rxd1 27. Bxd1 Bc5
28. Bxc5 Nxc5 29. Bc2 Ned3 30. Nxd3 cxd3 31. Bd1 Nxe4 32. Kg1 Nd2 33. a4 Nc4
34. Bb3 Nxb2 35. Kf2 d2 36. Ke2 d1=Q+ 37. Bxd1 Nxd1 38. Kxd1 f5 39. Ke2 Kf7 40.
Ke3 Ke6 41. Kd4 Kd6 42. h4 a6 0-1

[Event "VI Festival A"]
[Site "Nichelino ITA"]
[Date "2005.10.07"]
[Round "2"]
[White "Gussone, Claudio"]
[Black "Barosso, Renzo"]
[Result "0-1"]
[WhiteElo "1885"]
[BlackElo "1831"]
[PlyCount "36"]
[EventDate "2005.10.06"]

1. d4 e6 2. Nf3 Nf6 3. g3 d5 4. Bg2 c5 5. O-O Nc6 6. c4 dxc4 7. Ne5 Nd5 8. Nxc6
bxc6 9. dxc5 Bxc5 10. e4 Nb6 11. Qh5 Bd4 12. e5 Nd5 13. Nd2 Ba6 14. Ne4 g6 15.
Nf6+ Qxf6 16. exf6 gxh5 17. Re1 Nxf6 18. Rb1 Rb8 0-1

[Event "VI Festival A"]
[Site "Nichelino ITA"]
[Date "2005.10.07"]
[Round "2"]
[White "Malano, Francesco"]
[Black "Ferrario, Enrico"]
[Result "1-0"]
[WhiteElo "2037"]
[BlackElo "1948"]
[PlyCount "63"]
[EventDate "2005.10.06"]

1. Nf3 Nf6 2. g3 d6 3. d4 g6 4. b3 c5 5. Bg2 Bg7 6. Bb2 Nc6 7. O-O O-O 8. e3
Bf5 9. d5 Nb4 10. Ne1 Nd7 11. Bxg7 Kxg7 12. e4 Ne5 13. exf5 gxf5 14. a3 Na6 15.
Qh5 Qd7 16. Nd2 Ng6 17. Nef3 h6 18. Nh4 Nxh4 19. Qxh4 Rh8 20. Rfe1 e6 21. f4
Rag8 22. Re2 Nc7 23. c4 Kh7 24. Rae1 Rg4 25. Qf6 Rg6 26. dxe6 fxe6 27. Qc3 Ne8
28. Qf3 Rhg8 29. Qxb7 Nc7 30. Bd5 R8g7 31. Bxe6 Rxe6 32. Rxe6 1-0